The many facets of mathematics
Αποθηκεύτηκε σε:
| Κύριος συγγραφέας: | |
|---|---|
| Άλλοι συγγραφείς: | |
| Μορφή: | Βιβλίο |
| Γλώσσα: | English |
| Δημοσίευση: |
Boston, Mass. :
Prindle, Weber & Schmidt,
c1971
|
| Θέματα: | |
| Ετικέτες: |
Προσθήκη ετικέτας
Δεν υπάρχουν, Καταχωρήστε ετικέτα πρώτοι!
|
MARC
| LEADER | 00000cam a2200000 i 4500 | ||
|---|---|---|---|
| 001 | 1/97362 | ||
| 008 | 081115s1971 eng d | ||
| 035 | |l 10101686 | ||
| 040 | |a GR-MY-UA |b gre |e aacr | ||
| 041 | 0 | |a eng | |
| 082 | 0 | |a 510 |2 (22) | |
| 100 | 1 | |a Kaufmann, Jerome E. | |
| 245 | 1 | 4 | |a The many facets of mathematics / |c Jerone E. Kaufmann, William C. Lowry |
| 260 | |a Boston, Mass. : |b Prindle, Weber & Schmidt, |c c1971 | ||
| 300 | |a 264 σ.; |c 24 εκ. | ||
| 504 | |a Περιέχει βιβλιογραφία (σ. 262) και ευρετήριο | ||
| 650 | 0 | 0 | |a Mathematics. |
| 700 | 1 | |a Lowry, William C. | |
| 852 | |a INST |b SAMOS |c MAG |e 20081115 |h 510 KAU |p 005300029613 |q 005300029613 |t BK |y 0 | ||
| 901 | |a BIBL3-2008-3 | ||
| 909 | |a Σ |b 155366 | ||
| 970 | |a ΣΙΤΖΙΜΗ |b ΓΙΑΣΕΜΗ |z 2008/11/15 | ||